000 00287nam a22001217a 4500
020 _a0-936166-05-3
082 _a515 RAT'E
100 _aRATTI, J. S
_974728
245 _aELEMENTARY APPLIED CALCULUS
260 _aFLORIDA
_bMARINER PUBLISHING
_c1981
300 _aVII, 445P
942 _cBK
999 _c580225
_d580225